000 00321pam a2200133 a 4500
020 _a0-8311-3013-X
_c
041 _h
082 _a658.562
_bWIL
100 _aWILLBORN W.,
245 _aQUALITY MANAGEMENT SYSTEM
_hTextual Documents
260 _aNEW YORK
_bINDUSTRIAL PRESS INC
_c1989
300 _aX+212
930 _a9449
999 _c128902
_d128902